Detalles MARC
| 000 -CABECERA |
| campo de control de longitud fija |
02327nam a22003617a 4500 |
| 003 - IDENTIFICADOR DEL NÚMERO DE CONTROL |
| campo de control |
DO-SdBNP |
| 005 - FECHA Y HORA DE LA ÚLTIMA TRANSACCIÓN |
| campo de control |
20240229073939.0 |
| 007 - CAMPO FIJO DE DESCRIPCIÓN FÍSICA--INFORMACIÓN GENERAL |
| campo de control de longitud fija |
ta |
| 008 - DATOS DE LONGITUD FIJA--INFORMACIÓN GENERAL |
| campo de control de longitud fija |
110301s2021 dr ac 000 0 spa d |
| 020 ## - NÚMERO INTERNACIONAL ESTÁNDAR DEL LIBRO |
| Número Internacional Estándar del Libro |
9789945613841 (v. 2) |
| 020 ## - NÚMERO INTERNACIONAL ESTÁNDAR DEL LIBRO |
| Número Internacional Estándar del Libro |
9789945613964 (v. 3) |
| 040 ## - FUENTE DE LA CATALOGACIÓN |
| Centro catalogador/agencia de origen |
DO-SdBNP |
| Lengua de catalogación |
spa |
| Centro/agencia transcriptor |
BNPHU |
| 082 #4 - NÚMERO DE LA CLASIFICACIÓN DECIMAL DEWEY |
| Número de clasificación |
321.9 |
| Número de documento/Ítem |
A185f |
| Número de edición |
22 |
| 100 1# - ENTRADA PRINCIPAL--NOMBRE DE PERSONA |
| Nombre de persona |
Acosta Matos, Eliades |
| 9 (RLIN) |
53018 |
| 245 10 - MENCIÓN DE TÍTULO |
| Título |
Fugas equivocadas Machado, Batista y Trujillo : |
| Resto del título |
una historia de violencia y traición / |
| Mención de responsabilidad, etc. |
Eliades Acosta Matos, Pablo Llabre Raurell; Cuidado de la edición, Enrique Soldevilla Enríquez. |
| 260 ## - PUBLICACIÓN, DISTRIBUCIÓN, ETC. |
| Lugar de publicación, distribución, etc. |
Santo Domingo : |
| Nombre del editor, distribuidor, etc. |
Archivo General de la Nación, |
| Fecha de publicación, distribución, etc. |
2021 |
| 300 ## - DESCRIPCIÓN FÍSICA |
| Extensión |
v. : |
| Dimensiones |
23 cm. |
| 490 1# - MENCIÓN DE SERIE |
| Mención de serie |
Archivo General de la Nación |
| Designación de volumen o secuencia |
407, 424 |
| 500 ## - NOTA GENERAL |
| Nota general |
Incluye datos biográficos de los autores en las solapas de las cubiertas. |
| 500 ## - NOTA GENERAL |
| Nota general |
Incluye bibliografía y notas al pié de páginas. |
| 500 ## - NOTA GENERAL |
| Nota general |
La biblioteca posee los volúmenes 2 y 3 |
| 505 ## - NOTA DE CONTENIDO CON FORMATO |
| Nota de contenido con formato |
Volumen III -- |
| Información miscelánea |
Capitulo XV -- |
| Título |
Jugando a las invasiones y los desembarcos -- |
| -- |
Pasando el Rubicón -- |
| -- |
La recta final hacia el abrazo -- |
| Información miscelánea |
Capitulo XVI -- |
| Título |
La voz del buen sentido y la responsabilidad -- |
| -- |
Prendas de amistad -- |
| -- |
Nubes sobre La Habana -- |
| -- |
Cerrando el auspicioso año de 1957 -- |
| Información miscelánea |
Capitulo XVII -- |
| Título |
Huyéndole a esto -- |
| -- |
De vuelta a los buenos viejos tiempos -- |
| -- |
Hacia el ocaso definitivo -- |
| Información miscelánea |
Capitulo XVIII -- |
| Título |
La estampida -- |
| -- |
Una estampida deliberadamente difuminada -- |
| -- |
Organizando la fuga -- |
| -- |
Ciudad Trujillo y los primeros encuentros -- |
| Información miscelánea |
Capitulo XIX -- |
| Título |
Trujillo se desencadena -- |
| -- |
El tirano incómodo -- |
| -- |
El diluvio descubierto desde Ciudad Trujillo -- |
| Información miscelánea |
Capitulo XX -- |
| Título |
Una casa de espantos -- |
| -- |
Movilizaciones e inmovilidades -- |
| -- |
Planes rocambolescos -- |
| Información miscelánea |
Capitulo XXI -- |
| Título |
Un final de opereta -- |
| -- |
Desesperación -- |
| -- |
Con espantoso tesón -- |
| -- |
Testimonio gráfico / |
| 590 ## - NOTA LOCAL (RLIN) |
| Nota local |
Inventariado, 2022/ YL |
| 600 10 - PUNTO DE ACCESO ADICIONAL DE MATERIA--NOMBRE DE PERSONA |
| Nombre de persona |
Trujillo Molina, Rafael Leónidas, |
| Fechas asociadas al nombre |
1891-1961 |
| 9 (RLIN) |
76764 |
| 600 17 - PUNTO DE ACCESO ADICIONAL DE MATERIA--NOMBRE DE PERSONA |
| Nombre de persona |
MACHADO Y MORALES, GERALDO |
| Fechas asociadas al nombre |
1871-1939 |
| 9 (RLIN) |
81473 |
| 600 17 - PUNTO DE ACCESO ADICIONAL DE MATERIA--NOMBRE DE PERSONA |
| Nombre de persona |
BATISTA Y ZALDÌVAR, FULGENCIO |
| Fechas asociadas al nombre |
1901-1973 |
| 9 (RLIN) |
12695 |
| 650 #7 - PUNTO DE ACCESO ADICIONAL DE MATERIA--TÉRMINO DE MATERIA |
| Término de materia o nombre geográfico como elemento de entrada |
DICTADORES |
| Subdivisión geográfica |
REPÙBLICA DOMINICANA |
| 9 (RLIN) |
601 |
| 650 #7 - PUNTO DE ACCESO ADICIONAL DE MATERIA--TÉRMINO DE MATERIA |
| Término de materia o nombre geográfico como elemento de entrada |
DICTADORES |
| Subdivisión geográfica |
CUBA |
| 9 (RLIN) |
81474 |
| 700 1# - PUNTO DE ACCESO ADICIONAL--NOMBRE DE PERSONA |
| Nombre de persona |
Llabre Raurell, Pablo |
| 9 (RLIN) |
74206 |
| 700 1# - PUNTO DE ACCESO ADICIONAL--NOMBRE DE PERSONA |
| Nombre de persona |
Soldevilla Enríquez, Enrique, |
| Término indicativo de función/relación |
ed. |
| 9 (RLIN) |
83038 |
| 910 ## - DATOS DE OPCIÓN DEL USUARIO (OCLC) |
| Datos de opción del usuario |
YLockward |
| 942 ## - ELEMENTOS DE PUNTO DE ACCESO ADICIONAL (KOHA) |
| Fuente del sistema de clasificación o colocación |
Dewey Decimal Classification |
| Tipo de ítem Koha |
Libro |